LEC (2020-2025) - Players with most solokills - Statistics

General Stats
  • This quiz has been taken 43 times
  • The average score is 5 of 10
Answer Stats
Number of solokills Answer % Correct
145 Caps
95%
136 BrokenBlade
81%
88 Humanoid
76%
106 Adam
65%
45 Hans Sama
54%
57 Nisqy
54%
44 nuc
41%
47 Oscarinin
38%
50 Bwipo
19%
45 alphari
8%
No matching quizzes found
Score Distribution
Percent of People with Each Score
Percentile by Number Answered
Your Score History
You have not taken this quiz